Statistics for The Endocrine system

Click here to take the quiz!

General Stats

  • This quiz has been taken 7 times
    (6 since last reset)
  • The average score is 5 of 10

Answer Stats

HintAnswer% Correct
adrenal glandfight or flight
100%
thyroid glandincreases heart rate and metabolic rate
67%
prolonged stressphysically damaging
67%
last twosecondary sex characteristics
67%
pineal glandsleep wake cycle
67%
pituitary glandcontrols all the other glands
33%
Definitionnetwork of glands which secrete chemical messengers
33%
ovariesregulates female reproductive system
33%
testesregulates fertility
33%
releases oxytocinreproductive behaviour
33%

Score Distribution

Percentile by Number Answered

Percent of People with Each Score

Your Score History

You have not taken this quiz since the last reset